عرض عادي
عرض مارك
- العوامل الإجتماعية
دخول Topical Term
001 - CONTROL NUMBER
- control field: 29898
003 - CONTROL NUMBER IDENTIFIER
- control field: AE-AdECS
005 - DATE AND TIME OF LATEST TRANSACTION
- control field: 20260512140103.0
008 - FIXED-LENGTH DATA ELEMENTS
- fixed length control field: 260512|| aca||aabn | a|a d
040 ## - CATALOGING SOURCE
- Original cataloging agency: AE-AdECS
- Transcribing agency: AE-AdECS
150 ## - HEADING--TOPICAL TERM
- Topical term or geographic name entry element: العوامل الإجتماعية
670 ## - SOURCE DATA FOUND
- Source citation: Work cat.: (AE-AdECS)295104: عبد الحميد، عمرو محمد، مؤلف. 29897, العداء لوسائل الإعلام :
